000 01102nac a22003011u 4500
010 _a 99088238
020 _a0393048861
082 0 0 _a341.66
_bBAR
090 _c5752
_d5752
100 _aBarkan, Elazar.
245 1 4 _aThe guilt of nations :
_brestitution and negotiating historical injustices /
_cElazar Barkan.
250 _a1st ed.
260 _aNew York :
_bNorton,c2000.
_cc2000.
300 _axii, 414 p. ;
_c25 cm.
500 _aDistributer : Al-Ahram.
504 _aIncludes bibliographical references (p. 351-388) and index.
511 _aCatalogued By : Mahitab.
650 0 _aPolitical ethics.
650 0 _aHuman rights
_xMoral and ethical aspects.
650 0 _aInternational relations
_xMoral and ethical aspects.
650 0 _aRestorative justice.
650 0 _aReparations for historical injustices.
650 0 _aMinorities.
650 0 _aPostcolonialism.
650 0 _aHistory
_xPhilosophy.
942 _cBB
_k341.66BAR
999 _c5752
_d5752